000 00551nam a2200181Ia 4500
005 20221031110047.0
008 131103s9999 xx 000 0 und d
040 _aLoreto College
041 _aEnglish
082 _a111.1
_bNIE
100 _aNietzsche, 1844-1900
245 4 _aThe Philosophy of Nietzsche
_b thus spake zarathra, beyond good and evil, the genealogy of morals, ecce homo and birth of tragedy
260 _aNew York
_bThe Modern Library
_c1954
300 _axxxiii,1088p
650 _aPhilosophy
850 _aLCLIB
942 _cBK
999 _c18284
_d68763